000 00569nam a2200193 i 4500
001 124574
003 ES-MaACL
007 t|
008 070330s1945 sp ||||1| spa d
080 _a946.72
100 1 _aCorts Peyret, Juan.
_940960
245 1 0 _aGeografía e Historia de Andorra /
_cJuan Corts Peyret.
260 _aBarcelona :
_bLabor,
_c[1945]
300 _a171 p., XVI p. de lám., 1 mapa col. :
_bil. ;
_c17 cm.
490 1 _aColección Labor ;
_v424
830 0 0 _aColección Labor
_v424
_9184254
852 _aES-MaACL
_jE-2882
999 _c124574
_d124574